000 00727nam a22002057a 4500
003 OSt
005 20251121135239.0
008 251121b |||||||| |||| 00| 0 eng d
020 _a971-27-1507-8
040 _aDWC-Main Lib
_cOC
082 _aRes. 820.8 P552 2005
100 _aLumbera, C.
245 _aPhilippine literature :
_ba history and anthology, english edition
_cLumbera, Cynthia N.
260 _aPasig :
_bAnvil Publishing, Inc.,
_cc2005
300 _a456 pages :
_c25 cm.
650 _2Philippine literature (English)
650 _2Philippines-literary collections
700 _aLumbera, Bienvenido
942 _2ddc
_cBK-0 CIRC
_eEnglish edition
_hRes. 820.8 P552 2005
_kRes.
_n0
999 _c6002
_d6002